| 000 | 01061nam a2200301 a 4500 | ||
|---|---|---|---|
| 001 | 015498539 | ||
| 003 | Uk | ||
| 005 | 20101206133034.0 | ||
| 008 | 100406s2010 nyuab b 001 0 eng d | ||
| 015 |
_aGBB0E4480 _2bnb |
||
| 020 | _a0070172676 | ||
| 020 | _a9780070172678 (pbk.) : | ||
| 082 | 0 | 4 |
_a330 _222 _bSHA |
| 100 | 1 |
_aSharp, Ansel Miree, _d1924- _930267 |
|
| 245 | 1 | 0 |
_aEconomics of Social Issues / _cAnsel M. Sharp, Charles A. Register, Paul W. Grimes. |
| 250 | _a19th ed. | ||
| 260 |
_aNew York : _bMcGraw-Hill/Irwin, _cc2010. |
||
| 300 |
_axvii, 489 p. : _bill., map ; _c23 cm. |
||
| 500 | _a"International student edition"--Cover. | ||
| 504 | _aIncludes bibliographical references and index. | ||
| 650 | 0 |
_aEconomics. _930268 |
|
| 650 | 0 |
_aSocial problems _xEconomic aspects. _930269 |
|
| 653 |
_bEco _cJune2012 |
||
| 700 | 1 |
_aRegister, Charles A. _930270 |
|
| 700 | 1 |
_aGrimes, Paul W. _930271 |
|
| 942 |
_2ddc _cBB |
||
| 999 |
_c16803 _d16803 |
||